000 00577nam a2200181Ia 4500
008 100917s9999 xx 000 0 und d
082 _b36202
100 _aफडके शाम
245 _aकिल्यातील गुपीत
260 _bअरगडे, कुलकर्णी प्रकाशन
_c1977
300 _a76
365 _b4
520 _aबालविभाग
630 _aकिल्यातील गुपीत
650 _aबालविभाग
730 _aकिल्यातील गुपीत
942 _cBOOK
999 _c641596
_d641593